Beszélő film. {Film vorbitor}. [The speeking moving picture]
Elmentve itt :
| Szerző: | |
|---|---|
| Adatforrás: | Meister |
| Forrásdokumentuma: | Korunk. - 2002. 1, 3. |
| Nyelv: | magyar |
| Kulcsszavak: | jegyzet nota note film motion pictures SZÖTS István |
| LEADER | 00459nab a2200181 i 4500 | ||
|---|---|---|---|
| 001 | bibPRO00011845 | ||
| 008 | 080908s2002 xx hun | ||
| 040 | |a Sz1 | ||
| 041 | |a hun | ||
| 100 | 1 | |a KÁNTOR Lajos | |
| 245 | 1 | 0 | |a Beszélő film. {Film vorbitor}. [The speeking moving picture] |c KÁNTOR Lajos |
| 695 | |a jegyzet | ||
| 695 | |a nota | ||
| 695 | |a note | ||
| 695 | |a film | ||
| 695 | |a motion pictures | ||
| 695 | |a SZÖTS István | ||
| 773 | 0 | |t Korunk. - |g 2002. 1, 3. | |